| 000 | 01574nam a2200493 i 4500 | ||
|---|---|---|---|
| 001 | 25703 | ||
| 003 | KOSZ 005 | ||
| 005 | 20200714080858.0 | ||
| 008 | 200714s1973 pl a f 000 0 pol | ||
| 015 | _aUWD 1974/1346 | ||
| 035 | _a991027673159705066 | ||
| 035 | _a(PL-WaBN)b17500461-48omnis_nlop | ||
| 035 | _ab17500461 | ||
| 035 | _a(OCoLC)838693486 | ||
| 035 | _a(PL)b0000001750046 | ||
| 035 | _a(EXLNZ-48OMNIS_NETWORK)9910386542805606 | ||
| 040 |
_aWA N _cWA N _dKOSZ 005/RW |
||
| 046 | _k1973 | ||
| 080 | _a693 | ||
| 080 | _a(083.1) | ||
| 100 | 1 |
_aBajerski, Wacław _eAutor |
|
| 245 | 1 | 0 |
_aRoboty zbrojarskie : _bporadnik / _cWacław Bajerski, Jerzy Miliński. |
| 260 |
_aWarszawa : _b"Arkady", _c1973. |
||
| 300 |
_a182, [1] strony : _bilustracje ; _c21 cm. |
||
| 336 |
_aTekst _btxt _2rdacontent |
||
| 337 |
_aBez urządzenia pośredniczącego _bn _2rdamedia |
||
| 338 |
_aWolumin _bnc _2rdacarrier |
||
| 380 | _aKsiążki | ||
| 380 | _aPublikacje fachowe | ||
| 388 | 1 | _a1901-2000 | |
| 388 | 1 | _a1945-1989 | |
| 504 | _aBibliografia na stronie 182. | ||
| 650 | 7 |
_aZbrojenie betonu _2DBN |
|
| 650 | 7 | _aKonstrukcje żelbetowe | |
| 650 | 7 | _aPrefabrykaty | |
| 650 | 7 | _aTechnologia | |
| 655 | 7 |
_aPoradnik _2DBN |
|
| 658 | _aArchitektura i budownictwo | ||
| 700 | 1 |
_aMiliński, Jerzy _eAutor |
|
| 710 | 2 |
_aWydawnictwo Arkady _4pbl |
|
| 856 |
_uhttp://koha.tu.koszalin.pl/cgi-bin/koha/opac-detail.pl?biblionumber=25703 _yKatalog online BPK |
||
| 942 |
_2UKD _cKS |
||
| 999 |
_c25703 _d25703 |
||